00375nam a22001217a 4500082001000000100001600010245009800026260002700124300002200151526001900173650002700192700003400219 aT-272 aYasir Siraj aPerformance of RC Columns Confined with Poly urea under Uni axial Compressive Cyclic Loading  aRisalpur,bMCE,c2020. a95 pages,c30 cm. a0b0c0dT_272 aStructure Engineering  aSupervisor Dr Muhammad Rizwan